<?xml version="1.0" encoding="UTF-8"?>
<record
    xmlns:xsi="http://www.w3.org/2001/XMLSchema-instance"
    xsi:schemaLocation="http://www.loc.gov/MARC21/slim http://www.loc.gov/standards/marcxml/schema/MARC21slim.xsd"
    xmlns="http://www.loc.gov/MARC21/slim">

  <leader>01297nam a22002177a 4500</leader>
  <controlfield tag="005">20240928132544.0</controlfield>
  <controlfield tag="008">240928b        sa ||||| |||| 00| 0 eng d</controlfield>
  <datafield tag="020" ind1=" " ind2=" ">
    <subfield code="a">9781776190324</subfield>
  </datafield>
  <datafield tag="040" ind1=" " ind2=" ">
    <subfield code="a">Rda</subfield>
    <subfield code="c">3228</subfield>
  </datafield>
  <datafield tag="041" ind1=" " ind2=" ">
    <subfield code="2">E</subfield>
  </datafield>
  <datafield tag="082" ind1=" " ind2=" ">
    <subfield code="a">J 332.0240083 BECK</subfield>
  </datafield>
  <datafield tag="100" ind1=" " ind2=" ">
    <subfield code="a">Beckbessinger, Sam</subfield>
    <subfield code="9">155050</subfield>
  </datafield>
  <datafield tag="245" ind1=" " ind2=" ">
    <subfield code="a">Manage Your Money Like a Grownup The best money advice for teens.:</subfield>
    <subfield code="c">Sam Beckbessinger</subfield>
  </datafield>
  <datafield tag="260" ind1=" " ind2=" ">
    <subfield code="a">Johannesburg : </subfield>
    <subfield code="b"> Jonathan Ball Publishers,</subfield>
    <subfield code="c">2020.</subfield>
  </datafield>
  <datafield tag="300" ind1=" " ind2=" ">
    <subfield code="a">207 pages :</subfield>
    <subfield code="b">Illustrations;</subfield>
    <subfield code="c">21cm.</subfield>
  </datafield>
  <datafield tag="504" ind1=" " ind2=" ">
    <subfield code="6">Includes bibliographical references (pages 204-205).</subfield>
  </datafield>
  <datafield tag="505" ind1=" " ind2=" ">
    <subfield code="a">Part I, Understanding money: Chapter 1, This book is for you -- Chapter 2, Money and your family -- Chapter 3, The magic of compound interest -- Chapter 4, The world around you -- Part 2, Making money: Chapter 5, Allowances -- Chapter 6, The art of the side-hustle -- Part 3, Mastering money: Chapter 7, Your future career -- Chapter 8, Manage your moolah -- Chapter 9, Grow that dough -- Chapter 10, Be a savvy spender -- Chapter 11, Money as a force for good -- New words -- Bibliography -- Acknowledgements.</subfield>
  </datafield>
  <datafield tag="521" ind1=" " ind2=" ">
    <subfield code="a">Teenagers&#x2014;Finance, Personal Book</subfield>
  </datafield>
  <datafield tag="650" ind1=" " ind2=" ">
    <subfield code="a">Finance, Personal Financial literacy Saving and investment Teenagers&#x2014;Finance, Personal</subfield>
    <subfield code="9">189386</subfield>
  </datafield>
  <datafield tag="942" ind1=" " ind2=" ">
    <subfield code="2">ddc</subfield>
    <subfield code="c">BOOK</subfield>
    <subfield code="w">169</subfield>
    <subfield code="x">Boniswa Ngcongolo</subfield>
    <subfield code="y">169</subfield>
    <subfield code="z">Boniswa Ngcongolo</subfield>
  </datafield>
  <datafield tag="999" ind1=" " ind2=" ">
    <subfield code="c">768213</subfield>
    <subfield code="d">768212</subfield>
  </datafield>
  <datafield tag="952" ind1=" " ind2=" ">
    <subfield code="0">0</subfield>
    <subfield code="1">0</subfield>
    <subfield code="2">ddc</subfield>
    <subfield code="4">0</subfield>
    <subfield code="7">0</subfield>
    <subfield code="8">300</subfield>
    <subfield code="a">BADPL</subfield>
    <subfield code="b">BADPL</subfield>
    <subfield code="c">GEN</subfield>
    <subfield code="d">2024-09-28</subfield>
    <subfield code="g">250.00</subfield>
    <subfield code="l">0</subfield>
    <subfield code="o">J 332.0240083 BECK</subfield>
    <subfield code="p">3322803175748</subfield>
    <subfield code="r">2024-09-28</subfield>
    <subfield code="w">2024-09-28</subfield>
    <subfield code="y">BOOK</subfield>
  </datafield>
  <datafield tag="952" ind1=" " ind2=" ">
    <subfield code="0">0</subfield>
    <subfield code="1">0</subfield>
    <subfield code="2">ddc</subfield>
    <subfield code="4">0</subfield>
    <subfield code="7">0</subfield>
    <subfield code="8">300</subfield>
    <subfield code="a">ERMEL</subfield>
    <subfield code="b">AMSTL</subfield>
    <subfield code="c">GEN</subfield>
    <subfield code="d">2025-01-27</subfield>
    <subfield code="g">250.00</subfield>
    <subfield code="l">0</subfield>
    <subfield code="o">J 332.0240083 BECK</subfield>
    <subfield code="p">33228031100225</subfield>
    <subfield code="r">2025-01-27</subfield>
    <subfield code="w">2025-01-27</subfield>
    <subfield code="y">BOOK</subfield>
  </datafield>
  <datafield tag="952" ind1=" " ind2=" ">
    <subfield code="0">0</subfield>
    <subfield code="1">0</subfield>
    <subfield code="2">ddc</subfield>
    <subfield code="4">0</subfield>
    <subfield code="7">0</subfield>
    <subfield code="8">300</subfield>
    <subfield code="a">MBOMRL</subfield>
    <subfield code="b">MATPL</subfield>
    <subfield code="c">CHILD</subfield>
    <subfield code="d">2025-03-24</subfield>
    <subfield code="g">250.00</subfield>
    <subfield code="o">J 332.0240083 BECK</subfield>
    <subfield code="p">3322803165369</subfield>
    <subfield code="r">2025-03-24</subfield>
    <subfield code="w">2025-03-24</subfield>
    <subfield code="y">BOOK</subfield>
  </datafield>
  <datafield tag="952" ind1=" " ind2=" ">
    <subfield code="0">0</subfield>
    <subfield code="1">0</subfield>
    <subfield code="2">ddc</subfield>
    <subfield code="4">0</subfield>
    <subfield code="7">0</subfield>
    <subfield code="8">300</subfield>
    <subfield code="a">THANPL</subfield>
    <subfield code="b">THANPL</subfield>
    <subfield code="c">GEN</subfield>
    <subfield code="d">2025-05-14</subfield>
    <subfield code="g">250.00</subfield>
    <subfield code="l">0</subfield>
    <subfield code="o">J 332.0240083 BECK</subfield>
    <subfield code="p">3322803174311</subfield>
    <subfield code="r">2025-05-14</subfield>
    <subfield code="w">2025-05-14</subfield>
    <subfield code="y">BOOK</subfield>
  </datafield>
</record>
